[Event "Steinfurt Bezirksklasse 0708"]
[Site "Germany"]
[Date "2007.12.08"]
[Round "3.7"]
[White "Westers, Stefan"]
[Black "Trappe, Michael"]
[Result "0-1"]
[WhiteElo "1199"]
[BlackElo "1625"]
[PlyCount "74"]
[EventDate "2007.10.13"]
[EventType "team-tourn"]
[EventRounds "7"]
[EventCountry "GER"]
[SourceTitle "EXT 2009"]
[Source "ChessBase"]
[SourceDate "2008.11.26"]
[SourceVersion "1"]
[SourceVersionDate "2008.11.26"]
[SourceQuality "1"]
[WhiteTeam "Emsdetten Turm III"]
[BlackTeam "Reckenfeld II"]
[WhiteTeamCountry "GER"]
[BlackTeamCountry "GER"]

1. e4 Nf6 2. Nc3 e5 3. Bc4 Be7 4. d3 d6 5. Be3 0-0 6. Nf3 c6 7. d4 Nxe4 8. dxe5 Nxc3 9. bxc3 dxe5 10. Qxd8 Rxd8 11. Nxe5 Be6 12. Bxe6 fxe6 13. 0-0 Bf6 14. Bf4 Nd7 15. Nxd7 Rxd7 16. Rad1 Rad8 17. Rxd7 Rxd7 18. c4 Rd4 19. g3 Rxc4 20. Re1 Rxc2 21. Rxe6 Rxa2 22. Re8+ Kf7 23. Rb8 Rb2 24. Be3 a6 25. h4 Ke6 26. Kg2 Kd5 27. Bc1 Rb1 28. Be3 b5 29. Rb6 a5 30. f4 a4 31. Rb7 a3 32. Rd7+ Ke4 33. Rd6 Kxe3 34. Re6+ Kd3 35. Rd6+ Bd4 36. Rxc6 a2 37. Ra6 a1Q 0-1

[Event "Steinfurt Bezirksliga 0607"]
[Site "Germany"]
[Date "2007.02.03"]
[Round "6.8"]
[White "Thellmann, Andreas"]
[Black "Trappe, Michael"]
[Result "0-1"]
[WhiteElo "1161"]
[BlackElo "1595"]
[PlyCount "98"]
[EventDate "2006.09.09"]
[EventType "team-tourn"]
[EventRounds "9"]
[EventCountry "GER"]
[SourceTitle "EXT 2008"]
[Source "ChessBase"]
[SourceDate "2007.11.25"]
[SourceVersion "1"]
[SourceVersionDate "2007.11.25"]
[SourceQuality "1"]
[WhiteTeam "Emsdetten Rochade"]
[BlackTeam "Reckenfeld"]
[WhiteTeamCountry "GER"]
[BlackTeamCountry "GER"]

1. d4 Nf6 2. Nf3 e6 3. g3 b6 4. c4 Bb4+ 5. Bd2 Bxd2+ 6. Nfxd2 Bb7 7. Nf3 Qe7 8. a3 0-0 9. Nc3 d5 10. e3 dxc4 11. Bxc4 Rd8 12. 0-0 Nbd7 13. Qe2 Ne4 14. Nxe4 Bxe4 15. Bd3 Bxd3 16. Qxd3 c5 17. Rfd1 cxd4 18. Qxd4 Nc5 19. Qh4 Qxh4 20. Nxh4 Nd3 21. Rab1 Rac8 22. Rd2 Ne5 23. Rxd8+ Rxd8 24. Kg2 Rd2 25. Rc1 Rxf2+ 26. Kxf2 Nd3+ 27. Kg2 Nxc1 28. Nf3 Nd3 29. b4 Kf8 30. Nd4 Ne5 31. Nb5 a5 32. bxa5 bxa5 33. a4 Nc4 34. Kf3 Nb6 35. Nc3 Ke7 36. Ke4 Kd6 37. Kd4 Kc6 38. e4 f6 39. e5 f5 40. Nb5 Nxa4 41. Nd6 Nb6 42. Ne8 g6 43. Ng7 Kd7 44. h4 a4 45. h5 a3 46. Kc3 a2 47. Kb2 Nc4+ 48. Kxa2 Nxe5 49. h6 Ng4 0-1

[Event "Steinfurt Bezirksklasse 0607"]
[Site "Germany"]
[Date "2006.09.16"]
[Round "1.3"]
[White "Winter, Reinhold"]
[Black "Trappe, Michael"]
[Result "0-1"]
[WhiteElo "1518"]
[BlackElo "1595"]
[PlyCount "106"]
[EventDate "2006.09.30"]
[EventType "team-tourn"]
[EventRounds "7"]
[EventCountry "GER"]
[SourceTitle "EXT 2008"]
[Source "ChessBase"]
[SourceDate "2007.11.25"]
[SourceVersion "1"]
[SourceVersionDate "2007.11.25"]
[SourceQuality "1"]
[WhiteTeam "Neuenkirchen II"]
[BlackTeam "Reckenfeld II"]
[WhiteTeamCountry "GER"]
[BlackTeamCountry "GER"]

1. c4 Nf6 2. Nc3 e6 3. d4 d5 4. cxd5 exd5 5. Nf3 Be7 6. Bg5 0-0 7. e3 Bf5 8. Bd3 Bxd3 9. Qxd3 c6 10. 0-0 Nbd7 11. a3 Ne4 12. Bxe7 Qxe7 13. Nd2 Ndf6 14. Ndxe4 Nxe4 15. Nxe4 Qxe4 16. Qxe4 dxe4 17. b4 Rad8 18. Rfc1 Rd5 19. Rc5 Rxc5 20. bxc5 Rb8 21. Rb1 b6 22. g4 Kf8 23. Kg2 g5 24. Kg3 Ke7 25. h4 h6 26. hxg5 hxg5 27. f3 exf3 28. Kxf3 b5 29. Rh1 a5 30. Ke4 b4 31. axb4 axb4 32. Rb1 Ke6 33. Rb3 f6 34. Kd3 f5 35. gxf5+ Kxf5 36. e4+ Kf4 37. d5 cxd5 38. exd5 g4 39. c6 Ke5 40. Kc4 Kd6 41. Rg3 b3 42. Rxg4 b2 43. Rg6+ Ke5 44. Re6+ Kf5 45. Re1 b1Q 46. Rxb1 Rxb1 47. Kc5 Ke5 48. c7 Rc1+ 49. Kb6 Kd6 50. Kb7 Kd7 51. d6 Rb1+ 52. Ka8 Kc8 53. Ka7 Rd1 0-1

[Event "Steinfurt Bezirksliga 0506"]
[Site "Germany"]
[Date "2005.11.19"]
[Round "3.3"]
[White "Schulz, Joachim"]
[Black "Trappe, Michael"]
[Result "1-0"]
[WhiteElo "1901"]
[BlackElo "1577"]
[PlyCount "77"]
[EventDate "2005.09.24"]
[EventType "team-tourn"]
[EventRounds "9"]
[EventCountry "GER"]
[SourceTitle "EXT 2006"]
[Source "ChessBase"]
[SourceDate "2005.11.24"]
[SourceVersion "1"]
[SourceVersionDate "2005.11.24"]
[SourceQuality "1"]
[WhiteTeam "Neuenkirchen II"]
[BlackTeam "Reckenfeld"]
[WhiteTeamCountry "GER"]
[BlackTeamCountry "GER"]

1. e4 c5 2. Nf3 Nc6 3. d4 cxd4 4. Nxd4 Nf6 5. Nc3 a6 6. Nxc6 bxc6 7. e5 Ng8 8. Bc4 e6 9. 0-0 Qc7 10. Bf4 Ne7 11. Ne4 Ng6 12. Nd6+ Bxd6 13. exd6 Qd8 14. Qd2 0-0 15. Bg5 f6 16. Be3 a5 17. f4 Ba6 18. Bxa6 Rxa6 19. a3 a4 20. b4 axb3 21. cxb3 Ra5 22. Rfc1 Qa8 23. Bc5 Rb5 24. Rab1 Nh4 25. a4 Rb7 26. a5 Rb5 27. b4 Qe8 28. a6 Qg6 29. Qf2 Nf5 30. Ra1 Ra8 31. a7 Nh6 32. Ra5 Qd3 33. Qf1 Qxf1+ 34. Kxf1 Nf7 35. Rxb5 cxb5 36. Ra1 Nd8 37. Ra5 Nc6 38. Rxb5 Kf7 39. Rb7 1-0